000 02157cam a22004934i 4500
003 PE-LiUPU
005 20250731173543.0
008 150616s1995 miu r 000 0 eng d
020 _a0800753321
035 _a(Sirsi) i9780800753320
040 _aPE-LiUPU
_bspa
_cPE-LiUPU
_erda
049 _aPRUA
082 0 4 _b
_221
100 1 _aLogan, Robert E.,
_eautor.
245 1 0 _aBeyond Church Growth.
264 1 _aMichigan :
_bFleming H. Revell,
_c1995.
300 _a220 páginas ;
_c23 centímetros
336 _atext
_2rdacontent
337 _aunmediated
_2rdamedia
338 _avolume
_2rdacarrier
505 0 _aVisionizing Faith and Prayer -- Effective Pastoral eadership -- Culturally Relevant Philosophy of Ministry -- Celebrative and Reflective Worship -- Holistic Disciple Making -- Expanding Network of Cell Groups -- Developing and Resourcing Leaders -- Mobilizing Believers According to Spiritual Gifts -- Appropriate and Productive Programming -- Starting Churches That Reproduce.
526 _aSEG42
526 _aSEG41
526 _aSEG40
526 _aSEG39
526 _aP94
526 _aP87
526 _aP86
526 _aP85
526 _aP77
526 _aP76
526 _aP35
650 0 4 _aCrecimiento de Iglesia.
910 _ajck
_bjvq
_cjck
942 _2ddc
_cBOOK
949 _a254.5 L77
_wDEWEY
_c1
_i36311
_lCCODEBUL1
_mBUL
_r0
_sY
_tBOOK
_u2015-4-23
_xTEOLOGIA
_zUNKNOWN
_0COMPRA
_o.STAFF. Colección Teología
949 _a254.5 L77
_wDEWEY
_c2
_i41900
_d2015-9-16
_e2015-9-16
_lCCODEBUL1
_mBUL
_n1
_r0
_sY
_tBOOK
_u2015-6-16
_xTEOLOGIA
_zUNKNOWN
_0COMPRA
_o.STAFF. Colección Teología
994 _aC0
_bPEPRU
596 _a1
999 _a254.5 L77
_wDEWEY
_c60585
_i36311
_d60585
_e2017-11-9
_f2021-11-10
_g5
_lCCODEBUL1
_mBUL
_n1
_p30.00
_r0
_sY
_tBOOK
_u2015-4-23
_xTEOLOGIA
_PP35
_0COMPRA
_o.STAFF. Colección Teología
999 _a254.5 L77
_wDEWEY
_c2
_i41900
_d2015-9-16
_e2015-9-16
_f2021-11-10
_g5
_lCCODEBUL1
_mBUL
_n1
_r0
_sY
_tBOOK
_u2015-6-16
_xTEOLOGIA
_zUNKNOWN
_0COMPRA
_o.STAFF. Colección General
980 _81
_gALBERTO SANCHEZ Responsable de Automatización